01078nam a2200229Ia 450000500170000000800410001702000180005808200170007624501320009325000180022530000250024350502720026865000440054065000450058465000320062965000320066126400320069333600270072533700330075233800280078504000350081320220317001521.0161108s2014 s g 000 0 s  a978847290657004a306.766bF1500aFamilias tambiénbdiversidad familiar, familias homoparentalescJan Foix... [y otros once] ; editor Vicent Borrás Catalá a1a. edición a223 páginasc22 cm aDías de pluma, familia y militancia -- Transexualidad, niños y vida general -- Gestando mi familia -- Una más una suman cinco: matemática familiar - {BF}Quienes son mi madre y mis hermanos? -- Lo que pasó después de mayo -- Finalmente somos padres -- Cuan142LEMBaHomosexualidadvAspectos Sociales142LEMBaHomosexualidadvRelatos Personales142LEMBaIdentidad De Género142LEMBaRelaciones Familiares aBarcelonabBellaterrac2014 atextobtxt2rdacontent asin mediaciónbn2rdamedia avolumenbnc2rdacarrier aCO-BoRNBPbspaerdacCO-BoRNBP